Phūi kī vāpasī. (Record no. 55501)

MARC details
000 -LEADER
fixed length control field 00551cam a22002291 4500
001 - CONTROL NUMBER
control field sa 63004167
003 - CONTROL NUMBER IDENTIFIER
control field DLC
005 - DATE AND TIME OF LATEST TRANSACTION
control field 20260227111947.0
008 - FIXED-LENGTH DATA ELEMENTS--GENERAL INFORMATION
fixed length control field 890227s1962 xx 000 0 urd
010 ## - LIBRARY OF CONGRESS CONTROL NUMBER
LC control number sa 63004167
035 ## - SYSTEM CONTROL NUMBER
System control number (OCoLC)23537189
040 ## - CATALOGING SOURCE
Original cataloging agency DLC
Transcribing agency MiU
Modifying agency DLC
042 ## - AUTHENTICATION CODE
Authentication code premarc
050 00 - LIBRARY OF CONGRESS CALL NUMBER
Classification number PK2200.H342
Item number P48
100 1# - MAIN ENTRY--PERSONAL NAME
Personal name Hamid, Abdul,
Dates associated with a name 1928-2011.
245 10 - TITLE STATEMENT
Title Phūi kī vāpasī.
260 ## - PUBLICATION, DISTRIBUTION, ETC.
Date of publication, distribution, etc. [1962?]
300 ## - PHYSICAL DESCRIPTION
Extent 111 p.
Dimensions 16 cm.
500 ## - GENERAL NOTE
General note In Urdu.
500 ## - GENERAL NOTE
General note A novel.
500 ## - GENERAL NOTE
General note Text partially vocalized.

No items available.

Powered by Koha